Medieval masculinities : regarding men in the Middle Ages

Αποθηκεύτηκε σε:
Λεπτομέρειες βιβλιογραφικής εγγραφής
Άλλοι συγγραφείς: Lees, Clare A. (Επιμελητής έκδοσης)
Μορφή: Βιβλίο
Γλώσσα:English
Δημοσίευση: Minneapolis : University of Minnesota Press, 1994
Σειρά:Medieval cultures ; ; 7
Θέματα:
Ετικέτες: Προσθήκη ετικέτας
Δεν υπάρχουν, Καταχωρήστε ετικέτα πρώτοι!

MARC

LEADER 00000nam a2200000 i 4500
001 1/91980
008 080818s1994 eng d
020 |a 0-8166-2426-7 
035 |l 10099429 
040 |a GR-MY-UA  |b gre  |e aacr 
041 0 |a eng 
082 0 |a 305.3  |2 (22) 
245 1 0 |a Medieval masculinities :  |b regarding men in the Middle Ages /  |c edited by Clare A. Lees ; with the assistance of Thelma Fenster and Jo Ann McNamara 
260 |a Minneapolis :   |b University of Minnesota Press,   |c 1994 
300 |a xxv, 193 σ.;  |c 23 εκ. 
490 1 |a Medieval cultures  |v ; 7 
504 |a Ευρετήριο: σ. 189-193 
650 0 0 |a Masculinity  |x History. 
650 0 0 |a Civilization, Medieval. 
650 0 0 |a Men in literature. 
650 0 0 |a Feminist criticism. 
650 0 0 |a Men's studies. 
700 1 |a Lees, Clare A.  |4 edt 
830 0 |a Medieval cultures ;  |v ; 7 
852 |a INST  |b LESVOS  |e 20080818  |h 305.3 MED  |p 005100042783  |q 005100042783  |t BK  |y 0 
901 |a BIBL1-2008-2 
909 |a Λ  |b 145251 
922 |a 1ΕΛΗ  |b 200801  |c ΕΠΕΑΕΚ2/ΤΚΑ  |d ΕΛΕΥΘΕΡΟΥΔΑΚΗΣ 
970 |a ΧΑΤΖΗΜΙΧΑΗΛ  |b ΜΑΡΙΑ  |z 2008/08/18